00528 a2200157 4500020001800000040000800018082001600026100001900042245013900061250001200200260006300212300002700275500001500302650003200317650002100349 a0-312-03545-4 aDLC a808.06660211 aKennedy, X. J.04aThe Bedford guide for college writers : with readings and handbook bwith readings and handbook cX.J. Kennedy and Dorothy M. Kennedy. a2nd ed. aBoston, MA :bBedford Books of St. Martin's Press,cc1990. axxii, 819 p. ;c24 cm. aPRIORITY 3 4aSkriftlig framst䬬ning 4aUppsatsskrivning